[Event "Arco op-A 39th"]
[Site "Arco"]
[Date "2017.10.12"]
[Round "6"]
[White "Spagnuolo, Deborah"]
[Black "Petragnani, Gian Giacomo"]
[Result "1-0"]
[WhiteElo "1655"]
[BlackElo "1517"]
[PlyCount "77"]
[EventDate "2017.10.07"]
[EventType "swiss"]
[EventRounds "9"]
[EventCountry "ITA"]
[SourceTitle "CBM 181 Extra"]
[Source "ChessBase"]
[SourceDate "2017.12.12"]
[SourceVersion "1"]
[SourceVersionDate "2017.12.12"]
[SourceQuality "1"]

1. e4 d6 2. d4 Nf6 3. Nc3 g6 4. Nf3 Nbd7 5. Bg5 Bg7 6. Bd3 0-0 7. Qd2 c5 8. d5 Ng4 9. 0-0 Nge5 10. Nxe5 Nxe5 11. f4 Nxd3 12. Qxd3 h6 13. Bh4 Bd7 14. Rae1 Qb6 15. Qc4 Qxb2 16. Nd1 Qd4+ 17. Qxd4 Bxd4+ 18. Kh1 Bf6 19. Bxf6 exf6 20. Ne3 b5 21. c3 b4 22. cxb4 cxb4 23. Rf2 Rfc8 24. g4 Rc7 25. h4 Rac8 26. g5 hxg5 27. hxg5 fxg5 28. fxg5 Kg7 29. Rf6 Rc1 30. Rxc1 Rxc1+ 31. Kg2 Ra1 32. Rf2 a5 33. Nc4 a4 34. Nxd6 f5 35. gxf6+ Kf8 36. e5 Rd1 37. e6 Bxe6 38. dxe6 Rxd6 39. Re2 1-0

[Event "Arco Christmas op 3rd"]
[Site "Arco"]
[Date "2012.12.26"]
[Round "1"]
[White "Petragnani, Gian Giacomo"]
[Black "Spornberger, Maximilian"]
[Result "0-1"]
[WhiteElo "1745"]
[BlackElo "2265"]
[PlyCount "42"]
[EventDate "2012.12.26"]
[EventType "swiss"]
[EventRounds "7"]
[EventCountry "ITA"]
[SourceTitle "CBM 152 Extra"]
[Source "ChessBase"]
[SourceDate "2013.02.25"]
[SourceVersion "1"]
[SourceVersionDate "2013.02.25"]
[SourceQuality "1"]

1. c4 g6 2. g3 Bg7 3. Nc3 d6 4. Bg2 e5 5. d3 Nc6 6. e3 f5 7. Nge2 Nf6 8. 0-0 0-0 9. Rb1 Qe7 10. b4 Nd8 11. b5 Nf7 12. Nd5 Nxd5 13. Bxd5 Kh8 14. a4 e4 15. Bxf7 Qxf7 16. Bb2 g5 17. dxe4 fxe4 18. Bxg7+ Kxg7 19. Qd4+ Kg8 20. Rbc1 Bh3 21. Rfd1 Qxf2+ 0-1

[Event "Condino op 11th"]
[Site "Condino"]
[Date "2011.07.26"]
[Round "4"]
[White "Petragnani, Gian Giacomo"]
[Black "Cesati Cassin, Giorgio"]
[Result "1-0"]
[WhiteElo "1738"]
[BlackElo "1585"]
[PlyCount "69"]
[EventDate "2011.07.25"]
[EventType "swiss"]
[EventRounds "7"]
[EventCountry "ITA"]
[SourceTitle "EXT 2012"]
[Source "ChessBase"]
[SourceDate "2011.11.24"]
[SourceVersion "1"]
[SourceVersionDate "2011.11.24"]
[SourceQuality "1"]

1. Nf3 Nf6 2. g3 g6 3. Bg2 Bg7 4. 0-0 0-0 5. d3 d6 6. e4 Nbd7 7. c3 e5 8. Qc2 Nb6 9. Be3 Re8 10. h3 Bd7 11. d4 Nc4 12. Bc1 exd4 13. cxd4 Nb6 14. Re1 Qc8 15. Kh2 Nh5 16. Be3 f5 17. Ng5 h6 18. Qb3+ Be6 19. Nxe6 Rxe6 20. exf5 gxf5 21. Bxb7 Qe8 22. Bxh6 d5 23. Bxd5 Nxd5 24. Qxd5 Rd8 25. Qxe6+ Qxe6 26. Rxe6 Kf7 27. Bg5 Rxd4 28. Re1 Rd7 29. Bc1 Nf6 30. Nc3 c6 31. Be3 Ne4 32. Rad1 Re7 33. Nxe4 fxe4 34. b3 Rb7 35. Bd4 1-0

[Event "Rome Accademia Inverno op"]
[Site "Rome"]
[Date "2011.02.12"]
[Round "4"]
[White "Petragnani, Gian Giacomo"]
[Black "Quimi, Marco"]
[Result "0-1"]
[WhiteElo "1714"]
[BlackElo "2114"]
[PlyCount "34"]
[EventDate "2011.02.11"]
[EventType "swiss"]
[EventRounds "5"]
[EventCountry "ITA"]
[SourceTitle "EXT 2023"]
[Source "ChessBase"]
[SourceDate "2022.10.05"]
[SourceVersion "1"]
[SourceVersionDate "2022.10.05"]
[SourceQuality "1"]

1. Nf3 d5 2. g3 Bf5 3. Bg2 Nf6 4. 0-0 h6 5. d3 e6 6. Nbd2 Bc5 7. Qe1 0-0 8. e4 dxe4 9. dxe4 Bh7 10. Ne5 Nbd7 11. Nxd7 Qxd7 12. Nb3 Bb6 13. Be3 e5 14. Bxb6 axb6 15. Rd1 Qc6 16. Rd5 Nxd5 17. exd5 Qxc2 0-1

[Event "Nago Torbole op-A"]
[Site "Nago Torbole"]
[Date "2010.12.28"]
[Round "5"]
[White "Trento, Giacomo"]
[Black "Petragnani, Gian Giacomo"]
[Result "0-1"]
[WhiteElo "1876"]
[BlackElo "1714"]
[PlyCount "72"]
[EventDate "2010.12.26"]
[EventType "swiss"]
[EventRounds "7"]
[EventCountry "ITA"]
[SourceTitle "EXT 2024"]
[Source "ChessBase"]
[SourceDate "2023.10.10"]
[SourceVersion "1"]
[SourceVersionDate "2023.10.10"]
[SourceQuality "1"]

1. e4 g6 2. d4 Bg7 3. c4 d6 4. Nc3 Nd7 5. Nf3 e5 6. d5 Ne7 7. Bg5 h6 8. Be3 0-0 9. Qd2 Kh7 10. 0-0-0 f5 11. Qe1 Nf6 12. Bd3 f4 13. Bd2 Nd7 14. Be2 Nc5 15. g3 fxg3 16. hxg3 Rxf3 17. Bxh6 Rxc3+ 18. Qxc3 Bxh6+ 19. Qe3 Qf8 20. Rh4 Ng8 21. Rdh1 Nd7 22. f4 exf4 23. gxf4 Kg7 24. Qg3 Ndf6 25. Qc3 Kf7 26. Qd4 Qg7 27. e5 dxe5 28. Qxe5 Ne8 29. Qe3 Bf5 30. c5 Nef6 31. Qb3 Be4 32. d6+ Kf8 33. Bf3 cxd6 34. Bxe4 Nxe4 35. Qe6 Re8 36. Qh3 Nf2 0-1

[Event "Nago Torbole op-A"]
[Site "Nago Torbole"]
[Date "2010.12.26"]
[Round "2"]
[White "Gehrke, Rolf"]
[Black "Petragnani, Gian Giacomo"]
[Result "1-0"]
[WhiteElo "2084"]
[BlackElo "1714"]
[PlyCount "51"]
[EventDate "2010.12.26"]
[EventType "swiss"]
[EventRounds "7"]
[EventCountry "ITA"]
[SourceTitle "EXT 2024"]
[Source "ChessBase"]
[SourceDate "2023.10.10"]
[SourceVersion "1"]
[SourceVersionDate "2023.10.10"]
[SourceQuality "1"]

1. Nf3 g6 2. g3 Bg7 3. Bg2 d6 4. d4 Nd7 5. 0-0 e5 6. c4 f5 7. Nc3 Ne7 8. Ng5 Nf8 9. dxe5 Bxe5 10. f4 Bg7 11. e4 h6 12. Nf3 Bxc3 13. bxc3 fxe4 14. Nh4 Nf5 15. Nxf5 Bxf5 16. g4 Be6 17. Bxe4 c6 18. Re1 Kd7 19. Rb1 Kc7 20. Be3 Bxc4 21. Qd4 Ne6 22. Qxc4 d5 23. Qb4 Qh4 24. Bf3 b6 25. Bxb6+ axb6 26. Rxe6 1-0

[Event "Condino op"]
[Site "Condino"]
[Date "2010.07.28"]
[Round "5"]
[White "Petragnani, Gian Giacomo"]
[Black "Mazzetta, Renato"]
[Result "0-1"]
[WhiteElo "1674"]
[BlackElo "1929"]
[PlyCount "70"]
[EventDate "2010.07.26"]
[EventType "swiss"]
[EventRounds "7"]
[EventCountry "ITA"]
[SourceTitle "CBM 137 Extra"]
[Source "ChessBase"]
[SourceDate "2010.09.01"]
[SourceVersion "1"]
[SourceVersionDate "2010.09.01"]
[SourceQuality "1"]

1. Nf3 d5 2. g3 c6 3. Bg2 g6 4. 0-0 Bg7 5. d3 Nf6 6. Nbd2 0-0 7. c3 Nbd7 8. a4 a5 9. Re1 Re8 10. e4 e5 11. Nf1 Qc7 12. Qc2 dxe4 13. dxe4 b6 14. Nh4 Ba6 15. c4 Nc5 16. Be3 Ne6 17. Red1 Ng4 18. Nf3 Nxe3 19. Nxe3 Rad8 20. b3 Nd4 21. Qb2 Rd7 22. Nc2 Red8 23. Nfxd4 exd4 24. Rd3 c5 25. Re1 Re7 26. Qc1 Rde8 27. Re2 f5 28. Qe1 Bb7 29. f3 Bc6 30. Rdd2 fxe4 31. fxe4 Qb7 32. Qd1 Bxe4 33. Ne1 Bh6 34. Bxe4 Rxe4 35. Rxe4 Qxe4 0-1

[Event "Condino op"]
[Site "Condino"]
[Date "2010.07.27"]
[Round "4"]
[White "Khachab, Ibrahim"]
[Black "Petragnani, Gian Giacomo"]
[Result "0-1"]
[WhiteElo "1891"]
[BlackElo "1674"]
[PlyCount "74"]
[EventDate "2010.07.26"]
[EventType "swiss"]
[EventRounds "7"]
[EventCountry "ITA"]
[SourceTitle "CBM 137 Extra"]
[Source "ChessBase"]
[SourceDate "2010.09.01"]
[SourceVersion "1"]
[SourceVersionDate "2010.09.01"]
[SourceQuality "1"]

1. e4 g6 2. d4 Bg7 3. c4 d6 4. Nc3 Nf6 5. Nf3 0-0 6. Be2 e5 7. 0-0 Nc6 8. d5 Ne7 9. Ne1 Nd7 10. b4 f5 11. f3 f4 12. Nd3 Nf6 13. c5 g5 14. Bb2 h5 15. h3 h4 16. cxd6 cxd6 17. Nf2 Nh5 18. Bb5 a6 19. Ba4 b5 20. Bb3 Bd7 21. Qd3 Qb6 22. Rfc1 Rfc8 23. Ncd1 Rxc1 24. Rxc1 Rc8 25. Rxc8+ Nxc8 26. Qc3 Qa7 27. Kh2 Ng3 28. Qe1 Nb6 29. Nh1 Nc4 30. Bxc4 bxc4 31. Qf2 Qb7 32. Bc3 Bf6 33. Nb2 Qc7 34. Qe1 Bd8 35. a4 Qc8 36. Bd2 Bb6 37. Qc1 Ne2 0-1

[Event "Rome d'Inverno op"]
[Site "Rome"]
[Date "2009.02.08"]
[Round "5"]
[White "Petragnani, Gian Giacomo"]
[Black "Tomassetti, Giuseppe"]
[Result "1-0"]
[WhiteElo "1640"]
[BlackElo "1697"]
[PlyCount "47"]
[EventDate "2009.02.06"]
[EventType "swiss"]
[EventRounds "5"]
[EventCountry "ITA"]
[SourceTitle "EXT 2011"]
[Source "ChessBase"]
[SourceDate "2010.11.26"]
[SourceVersion "1"]
[SourceVersionDate "2010.11.26"]
[SourceQuality "1"]

1. Nf3 d5 2. g3 c5 3. Bg2 Nc6 4. 0-0 e5 5. d3 Be7 6. Nbd2 f5 7. c4 d4 8. h3 Nf6 9. Nh2 Qc7 10. a3 0-0 11. Nhf3 Bd7 12. Re1 a5 13. e4 fxe4 14. Nxe4 Nxe4 15. Rxe4 Bf5 16. Re1 h6 17. Nh2 Bf6 18. Ng4 Rae8 19. Bxh6 e4 20. Nxf6+ Rxf6 21. Bf4 Ne5 22. Bxe4 Bxh3 23. Qh5 Bg4 24. Qxe8+ 1-0